| Tag |
First Indicator |
Second Indicator |
Subfields |
| LEADER |
00000cam a2200000 a 4500 |
| 001 |
in00000017881 |
| 005 |
20220103114959.0 |
| 007 |
cr unu a |
| 008 |
880609s1986 xx a b 00010 eng d |
| 035 |
|
|
|9 AAB0359AM
|
| 035 |
|
|
|a (OCoLC)18062189
|
| 040 |
|
|
|a TXA
|c TXA
|d UtOrBLW
|
| 049 |
|
|
|a TXAZ [Also in] [Archives]
|c 1 [A10792020], 2 [A10792070]
|
| 099 |
|
|
|a 1986
|a Thesis
|a T551
|
| 100 |
1 |
|
|a Tiainen, Ari Lauri.
|
| 245 |
1 |
4 |
|a The measurement of rheological characteristics of cross-linked fracturing fluids using a pipe viscometer /
|c by Ari Lauri Tiainen.
|
| 264 |
|
1 |
|a [Place of publication not identified] :
|b [publisher not identified] ;
|c 1986.
|
| 300 |
|
|
|a xii, 136 leaves :
|b illustrations ;
|c 29 cm.
|
| 336 |
|
|
|a text
|b txt
|2 rdacontent
|
| 337 |
|
|
|a computer
|b c
|2 rdamedia
|
| 338 |
|
|
|a online resource
|b cr
|2 rdacarrier
|
| 500 |
|
|
|a "Major subject: Petroleum Engineering."
|
| 500 |
|
|
|a Typescript (photocopy).
|
| 500 |
|
|
|a Vita.
|
| 502 |
|
|
|b M.S.
|c Texas A&M University
|d 1986.
|
| 504 |
|
|
|a Bibliography: leaves 108-109.
|
| 530 |
|
|
|a Also available online.
|
| 650 |
|
0 |
|a Drilling muds
|x Viscosity
|x Measurement.
|
| 650 |
|
0 |
|a Oil wells
|x Hydraulic fracturing.
|
| 650 |
|
0 |
|a Viscosimeter.
|
| 650 |
|
4 |
|a Major petroleum engineering.
|
| 856 |
4 |
1 |
|u https://hdl.handle.net/1969.1/ETD-TAMU-1986-THESIS-T551
|z Link to OAKTrust copy
|t 0
|
| 999 |
|
|
|a MARS
|
| 999 |
f |
f |
|s 88b0e705-15ba-3dea-9d12-796156b08799
|i 6a4d4121-8dae-39ab-9c13-62d7582aa224
|t 0
|
| 952 |
f |
f |
|p noncirc
|a Texas A&M University
|b J.J. Pickle Campus
|c High Density Repository
|s HDR
|d Remote Storage
|t 0
|e 1986 Thesis T551
|h Other scheme
|i computer -- online resource
|m A14839613421
|
| 952 |
f |
f |
|a Texas A&M University
|b College Station
|c Electronic Resources
|s www_evans
|d Available Online
|t 0
|e 1986 Thesis T551
|h Other scheme
|
| 998 |
f |
f |
|a 1986 Thesis T551
|t 0
|l Remote Storage
|
| 998 |
f |
f |
|a 1986 Thesis T551
|t 0
|l Available Online
|